000 00500nam a2200217Ia 4500
003 0100
008 130307s9999 xx 000 0 und d
020 _a0262680386
040 _cARRUPELIB
050 _aB808.5.R65 1983
100 _aRomanos, George D
245 _aQuine and analytic philosophy
245 _bthe language of language
260 _aMasschusetts
260 _bThe MIT Press
260 _c1983
300 _a227p.
300 _b21cm.
650 _aPHILOSOPHY
942 0 0 _01
999 _c93807
_d93807